Introducción a la estabilidad de sistemas eléctricos de potencia /

Saved in:
Bibliografiske detaljer
Hovedforfatter: Garcés Ruiz, Alejandro, 1981- (autor.)
Andre forfattere: Gil González, Walter Julián, 1986- (autor.), Montoya Giraldo, Oscar Danilo, 1986- (autor.)
Format: eBog
Sprog:spansk
Udgivet: Pereira, Colombia : Editorial UTP, 2023.
Serier:Facultad de Ingenierías. Colección Textos académicos.
Fag:
Online adgang:https://elibro.unach.elogim.com/es/lc/unach/titulos/287183
Tags: Tilføj Tag
Ingen Tags, Vær først til at tagge denne postø!

MARC

LEADER 00000nam a2200000Ii 4500
001 ELB287183
003 FINmELB
005 20251023123000.0
006 m o d |
007 cr cnu||||||||
008 251022s2023 ck a ob 000 0 spa d
020 |a 9789587228977  |q (ebook) 
020 |z 9789587228960 
035 |a (OCoLC)1553197020 
040 |a FINmELB  |b spa  |e rda  |c FINmELB 
050 4 |a TJ807  |b .G373 2023 
080 |a 621.333.3 
082 0 4 |a 621.042  |2 23 
100 1 |a Garcés Ruiz, Alejandro,  |d 1981-  |e autor. 
245 1 0 |a Introducción a la estabilidad de sistemas eléctricos de potencia /  |c Alejandro Garcés Ruiz, Walter Julián Gil González, Oscar Danilo Montoya Giraldo. 
264 1 |a Pereira, Colombia :  |b Editorial UTP,  |c 2023. 
300 |a 1 recurso en línea :  |b ilustraciones 
336 |a texto  |b txt  |2 rdacontent/spa 
337 |a computadora  |b c  |2 rdamedia/spa 
338 |a recurso en línea  |b cr  |2 rdacarrier/spa 
490 1 |a Facultad de Ingenierías Colección Textos académicos 
504 |a Incluye referencias bibliográficas. 
588 |a Descripción basada en metadatos suministrados por el editor y otras fuentes. 
590 |a Recurso electrónico. Santa Fe, Arg.: elibro, 2025. Disponible vía World Wide Web. El acceso puede estar limitado para las bibliotecas afiliadas a elibro. 
650 4 |a Circuitos magnéticos. 
650 4 |a Sistemas de energía eléctrica. 
650 4 |a Fuentes de energía renovables. 
655 4 |a Libros electrónicos. 
700 1 |a Gil González, Walter Julián,  |d 1986-  |e autor. 
700 1 |a Montoya Giraldo, Oscar Danilo,  |d 1986-  |e autor. 
797 2 |a elibro, Corp. 
830 0 |a Facultad de Ingenierías. Colección Textos académicos. 
856 4 0 |u https://elibro.unach.elogim.com/es/lc/unach/titulos/287183